|
|
|
|
| LEADER |
00000naa2a2200000 4500 |
| 001 |
632067 |
| 005 |
20231101133707.0 |
| 035 |
|
|
|a (RuTPU)RU\TPU\conf\33768
|
| 035 |
|
|
|a RU\TPU\conf\33767
|
| 090 |
|
|
|a 632067
|
| 100 |
|
|
|a 20201008d2020 k y0rusy50 ba
|
| 101 |
0 |
|
|a eng
|
| 102 |
|
|
|a RU
|
| 105 |
|
|
|a y z 101zy
|
| 135 |
|
|
|a drgn ---uucaa
|
| 181 |
|
0 |
|a i
|
| 182 |
|
0 |
|a b
|
| 200 |
1 |
|
|a Effectiveness of the design and implementation of a physical protection system at a radiological facility
|f M. N. S. Ansah, P. A. Amoah
|
| 203 |
|
|
|a Текст
|c электронный
|
| 230 |
|
|
|a 1 компьютерный файл (pdf; 360 Kb)
|
| 300 |
|
|
|a Заглавие с экрана
|
| 320 |
|
|
|a [Библиогр.: с. 10 (2 назв.)]
|
| 463 |
|
0 |
|0 (RuTPU)RU\TPU\conf\33533
|t Физико-технические проблемы в науке, промышленности и медицине. Российский и международный опыт подготовки кадров
|o сборник научных трудов X Международной научно-практической конференции, г. Томск, 09 – 11 сентября 2020 г.
|f Национальный исследовательский Томский политехнический университет, Инженерная школа ядерных технологий ; Российский фонд фундаментальных исследований ; ред. кол. И. В. Шаманин, В. П. Кривобоков, А. Г. Горюнов, В. А. Карелин
|v [С. 10]
|d 2020
|
| 610 |
1 |
|
|a труды учёных ТПУ
|
| 610 |
1 |
|
|a электронный ресурс
|
| 610 |
1 |
|
|a проектирование
|
| 610 |
1 |
|
|a внедрение
|
| 610 |
1 |
|
|a физическая защита
|
| 610 |
1 |
|
|a ядерная безопасность
|
| 610 |
1 |
|
|a ядерные объекты
|
| 610 |
1 |
|
|a радиологический терроризм
|
| 610 |
1 |
|
|a лучевая терапия
|
| 700 |
|
1 |
|a Ansah
|b M. N. S.
|
| 701 |
|
1 |
|a Amoah
|b P. A.
|c Specialist in the field of nuclear technologies
|c Research Engineer of Tomsk Polytechnic University
|f 1983-
|g Paul Atta
|2 stltpush
|3 (RuTPU)RU\TPU\pers\46625
|
| 712 |
0 |
2 |
|a Национальный исследовательский Томский политехнический университет
|b Инженерная школа ядерных технологий
|b Отделение ядерно-топливного цикла
|h 7864
|2 stltpush
|3 (RuTPU)RU\TPU\col\23554
|
| 801 |
|
2 |
|a RU
|b 63413507
|c 20201102
|g RCR
|
| 856 |
4 |
|
|u http://earchive.tpu.ru/handle/11683/63212
|
| 942 |
|
|
|c BK
|